|
|
|
|
| LEADER |
00000cam a2200000 c 4500 |
| 001 |
1608302881 |
| 003 |
DE-627 |
| 005 |
20250320000144.0 |
| 007 |
tu |
| 008 |
960806s1996 xx ||||| 00| ||fre c |
| 020 |
|
|
|a 2850767506
|9 2-85076-750-6
|
| 035 |
|
|
|a (DE-627)1608302881
|
| 035 |
|
|
|a (DE-576)053543246
|
| 035 |
|
|
|a (DE-599)BSZ053543246
|
| 035 |
|
|
|a (OCoLC)35264013
|
| 040 |
|
|
|a DE-627
|b ger
|c DE-627
|e rakwb
|
| 041 |
|
|
|a fre
|
| 084 |
|
|
|a 6,22
|a 0
|2 ssgn
|
| 100 |
1 |
|
|8 1\p
|0 (DE-588)1241126135
|0 (DE-627)1770109161
|4 aut
|a Thibaud, Robert-Jacques
|d 1941-2002
|
| 109 |
|
|
|a Thibaud, Robert-Jacques 1941-2002
|
| 245 |
1 |
0 |
|a Dictionnaire de mythologie et de symbolique égyptienne
|c Robert-Jacques Thibaud
|
| 264 |
|
1 |
|a Paris
|b Dervy
|c 1996
|
| 300 |
|
|
|a 375 S.
|b Ill.
|
| 336 |
|
|
|a Text
|b txt
|2 rdacontent
|
| 337 |
|
|
|a ohne Hilfsmittel zu benutzen
|b n
|2 rdamedia
|
| 338 |
|
|
|a Band
|b nc
|2 rdacarrier
|
| 583 |
1 |
|
|a Archivierung prüfen
|c 20200919
|f DE-640
|z 1
|2 pdager
|
| 583 |
1 |
|
|a Archivierung/Langzeitarchivierung gewährleistet
|f SSG
|x XA-DE-BW
|2 pdager
|5 DE-21
|
| 655 |
|
7 |
|a Wörterbuch
|0 (DE-588)4066724-8
|0 (DE-627)104682620
|0 (DE-576)209166061
|2 gnd-content
|
| 689 |
0 |
0 |
|d g
|0 (DE-588)4068430-1
|0 (DE-627)106105639
|0 (DE-576)209173815
|2 gnd
|a Ägypten
|g Altertum
|
| 689 |
0 |
1 |
|d s
|0 (DE-588)4041005-5
|0 (DE-627)104616903
|0 (DE-576)209043016
|2 gnd
|a Mythologie
|
| 689 |
0 |
|
|5 (DE-627)
|
| 689 |
1 |
0 |
|d g
|0 (DE-588)4068430-1
|0 (DE-627)106105639
|0 (DE-576)209173815
|2 gnd
|a Ägypten
|g Altertum
|
| 689 |
1 |
1 |
|d s
|0 (DE-588)4184194-3
|0 (DE-627)104805218
|0 (DE-576)210023937
|2 gnd
|a Symbolik
|
| 689 |
1 |
|
|5 (DE-627)
|
| 883 |
|
|
|8 1\p
|a cgwrk
|d 20250301
|q DE-101
|u https://d-nb.info/provenance/plan#cgwrk
|
| 935 |
|
|
|a mteo
|
| 951 |
|
|
|a BO
|
| BIB |
|
|
|a 1
|
| ELC |
|
|
|b 1
|
| ITA |
|
|
|a 1
|t 1
|
| LOK |
|
|
|0 000 xxxxxcx a22 zn 4500
|
| LOK |
|
|
|0 001 3135374793
|
| LOK |
|
|
|0 003 DE-627
|
| LOK |
|
|
|0 004 1608302881
|
| LOK |
|
|
|0 005 20130326171328
|
| LOK |
|
|
|0 008 960806||||||||||||||||ger|||||||
|
| LOK |
|
|
|0 040
|a DE-21
|c DE-627
|d DE-21
|
| LOK |
|
|
|0 852
|a DE-21
|
| LOK |
|
|
|0 852 1
|c 36 A 7891
|9 00
|
| LOK |
|
|
|0 935
|a theo
|a vord
|a theo
|
| LOK |
|
|
|0 936ln
|a v2.6
|
| LOK |
|
|
|0 936ln
|a t13
|
| LOK |
|
|
|0 939
|a 06-08-96
|b l01
|
| ORI |
|
|
|a SA-MARC-ixtheoa001.raw
|
| REF |
|
|
|a Griechische Mythologie
|
| REL |
|
|
|a 1
|
| STA |
0 |
0 |
|a Mythology,Symbolism,Symbolics,Creeds
|
| STB |
0 |
0 |
|a Mythologie,Symbolisme,Symbolisme
|
| STC |
0 |
0 |
|a Mitología,Simbolismo,Simbolismo
|
| STD |
0 |
0 |
|a Mitologia,Simbolismo,Simbolica,Simbologia,Simbologia
|
| STE |
0 |
0 |
|a 信经学,象征,神话,神话学
|
| STF |
0 |
0 |
|a 信經學,象徵,神話,神話學
|
| STG |
0 |
0 |
|a Mitologia,Simbolismo,Simbolismo
|
| STH |
0 |
0 |
|a Мифология,Символика,Символика (богословие)
|
| STI |
0 |
0 |
|a Μυθολογία,Συμβολισμός,Συμβολική (θεολογία)
|
| SUB |
|
|
|a BIB
|a REL
|
| SYG |
0 |
0 |
|a Ägypten,Ägypten , Miṣr,Egypt,Chibet,Ghubt,Ghibt,Arabische Republik Ägypten,Dschumhūriyyat Misr al-ʿArabiyya,Ǧumhūriyyat Misr al-ʿArabiyya,República Árabe de Egipto,Ŷumhūriyyat Miṣr Al-ʿArabiyyah,Arab Republic of Egypt,Ǧumhūriyyat Miṣr al-ʿArabiyyah,Arabiese Republiek Egipte,République arabe d'Égypte,Jumhuriyyat Miṣr al-ʿArabiyyah,Repubblica Araba d'Egitto,Egyiptomi Arab Köztársaság,Mısır Arap Cumhuriyeti,Ǧumhūrīyat Miṣr al-ʿArabīya,ARE,Egypte,al- Mamlaka al-Miṣrīya,ad- Daula al-Miṣrīya,Mısır,Egapt,République d'Egypte,Republic of Egypt,Egitto,Kingdom of Egypt,Republica Arabe de Egipto,Maṣr,Aegyptus , Göttersage,Göttersage , Ägypten,Ägypten , Miṣr,Egypt,Chibet,Ghubt,Ghibt,Arabische Republik Ägypten,Dschumhūriyyat Misr al-ʿArabiyya,Ǧumhūriyyat Misr al-ʿArabiyya,República Árabe de Egipto,Ŷumhūriyyat Miṣr Al-ʿArabiyyah,Arab Republic of Egypt,Ǧumhūriyyat Miṣr al-ʿArabiyyah,Arabiese Republiek Egipte,République arabe d'Égypte,Jumhuriyyat Miṣr al-ʿArabiyyah,Repubblica Araba d'Egitto,Egyiptomi Arab Köztársaság,Mısır Arap Cumhuriyeti,Ǧumhūrīyat Miṣr al-ʿArabīya,ARE,Egypte,al- Mamlaka al-Miṣrīya,ad- Daula al-Miṣrīya,Mısır,Egapt,République d'Egypte,Republic of Egypt,Egitto,Kingdom of Egypt,Republica Arabe de Egipto,Maṣr,Aegyptus
|